| 000 | 00381nam a22001217a 4500 | ||
|---|---|---|---|
| 082 |
_a625.70973 _bNAT |
||
| 100 |
_aNational Research Council. _926742 |
||
| 245 |
_aDesign and upgrading of surfacing and other aspects of two-volume roads/ _bNational Research Council. |
||
| 300 |
_a88 p. _bill. |
||
| 526 |
_a0 _b0 _c0 _d625_709730000000000_NAT |
||
| 650 |
_aMCE _9379 |
||
| 942 |
_2ddc _cBK |
||
| 999 |
_c547417 _d547417 |
||